Etiqueta de registo: 00000nkm 2200025 450
001 2254007
003 http://id.bnportugal.gov.pt/bib/catbnp/2254007
100 ## $a20260123d1988 m y0pory01030103ba
101 0# $apor
102 ## $aPT
200 1# $aRallye internacional Figueira da Foz e Região Centro, 25-27 março 1988$bVisual gráfico]$fClube Automóvel do Centro
210 #9 $aFigueira da Foz$cClube Automóvel do Centro,$d1988$eCoimbra :$gLito Coimbra)
215 ## $a1 cartaz$ccolor.$d60x39 cm
675 ## $a766(=1:469)"198"(084.5)$vBN$zpor$31302430
710 02 $aClube Automóvel do Centro$362082
712 12 $aRallye Internacional Figueira da Foz e Região Centro,$f1988$4557$31999051
801 #0 $aPT$bBN$gRPC
966 ## $lBN$mICONOG$sCT. 17584 A.$x1
971 ## $cCaticonografia10$d20260123
972 ## $d20260522$e1$vtoliveira$z0
995 ## $aPRR2026 $d20260123$iCaticonografia10